Loading...
Fine Arts - Classical Music | 0 | 6 | 1 | 1 | 55 | 55 | 91.50 | 2 | 2 |
History - American History | 0 | 3 | 0 | 1 | 30 | 59 | 83.00 | 0 | 2 |
Science - Chemistry | 0 | 2 | 0 | 0 | 20 | 78 | 80.00 | 0 | 0 |
Fine Arts - Other Fine Arts | 0 | 2 | 0 | 1 | 20 | 96 | 105.50 | 0 | 2 |
Literature - World Literature | 0 | 2 | 0 | 0 | 20 | 70 | 72.50 | 0 | 1 |
Philosophy | 0 | 2 | 0 | 0 | 20 | 79 | 87.50 | 0 | 0 |
Pop Culture | 0 | 2 | 0 | 1 | 20 | 37 | 55.50 | 1 | 1 |
Science - Biology | 0 | 1 | 0 | 0 | 10 | 68 | 68.00 | 0 | 0 |
Science - Other Science | 0 | 1 | 0 | 1 | 10 | 124 | 124.00 | 0 | 0 |
History - World History | 0 | 1 | 0 | 0 | 10 | 101 | 101.00 | 0 | 0 |
Religion | 0 | 1 | 0 | 1 | 10 | 108 | 108.00 | 0 | 0 |
Current Events | 0 | 1 | 1 | 0 | 5 | 41 | 41.00 | 1 | 1 |
Geography | 0 | 1 | 1 | 0 | 5 | 112 | 112.00 | 0 | 0 |
Science - Physics | 0 | 0 | 1 | 0 | -5 | 0.00 | 0 | 0 | |
Painting/Sculpture | 0 | 1 | 3 | 0 | -5 | 76 | 76.00 | 1 | 1 |